000 00653cam a22002413a 4500
001 30816
003 PGUSA
005 20140828083651.0
008 091231s2009||||xxu|||||s|||||000 1 eng d
040 _aPGUSA
_beng
042 _adc
050 4 _aPS
100 1 _aGarrett, Randall,
_d1927-1987
245 1 2 _aA World by the Tale
_h[electronic resource] /
_cRandall Garrett
260 _bProject Gutenberg,
_c2009
506 _aPublic domain in the USA.
516 _aElectronic text
653 _aScience fiction
700 1 _aSummers, Leo
830 0 _aProject Gutenberg
_v30816
856 4 0 _uhttp://www.gutenberg.org/ebooks/30816
942 _cEB
999 _c260071
_d260071